000 00280nam a22001337a 4500
008 170505b xxu||||| |||| 00| 0 eng d
020 _a0879677554
041 _aeng
080 _a343.9
100 _a15
101 _aSHJ
245 _aTAKING SIDES
_cMONK, R.C
942 _2udc
_cBK
999 _c12729
_d12729